| 000 | 01214cam a2200169 4500500 | ||
|---|---|---|---|
| 005 | 20260111104659.0 | ||
| 041 | _afre | ||
| 042 | _adc | ||
| 100 | 1 | 0 |
_aPettai, Vello _eauthor |
| 700 | 1 | 0 |
_aVeebel, Viljar _eauthor |
| 245 | 0 | 0 | _aNavigating between policy and populace : Estonia, its accession referendum and the EU convention |
| 260 | _c2005. | ||
| 500 | _a51 | ||
| 520 | _aThe Convention on the Future of Europe represented an unprecedented test of the EU’s capacity for deliberation and political consensus formation. In the candidate countries of the time, this challenge was even greater given the coterminous tasks of completing accession and facing a popular referendum. In Estonia’s case, we argue that the promise of the Convention’s deliberative process was largely lost, since not only was there a gulf between state administration and civil society, but also within the state to the extent that most policy was formed by a narrow set of civil servants working in the Eurointegration Office. | ||
| 786 | 0 | _nPolitique européenne | 15 | 1 | 2005-01-01 | p. 113-135 | 1623-6297 | |
| 856 | 4 | 1 | _uhttps://shs.cairn.info/revue-politique-europeenne-2005-1-page-113?lang=en&redirect-ssocas=7080 |
| 999 |
_c1631014 _d1631014 |
||